|
|
|
|
| LEADER |
00000nab a22000001a 4500 |
| 001 |
vtls010031750 |
| 003 |
SK-MaSNL |
| 005 |
20260426063022.0 |
| 008 |
091214d19361105xo |r|p|||| |000 b|slo |
| 015 |
|
|
|a SNBRRBVU1918-1938
|
| 038 |
|
|
|a SNKBUCL
|
| 038 |
|
|
|a SNKBUVU
|
| 040 |
|
|
|a SNKBUVU
|b slo
|c SNKBUCL
|e AACR2
|
| 041 |
0 |
|
|a slo
|
| 044 |
|
|
|a xo
|c SK
|
| 080 |
|
|
|a 75.071.1
|2 1997
|
| 080 |
|
|
|a 061.4
|2 1997
|
| 100 |
1 |
|
|a Dvořák, Josef
|4 aut
|9 284991
|
| 245 |
1 |
0 |
|a Súborná výstava Václava Srůtka
|c [autor] Jdv.
|
| 500 |
|
|
|a V rubrike Kultúrny obzor
|
| 500 |
|
|
|a Autor článku dešifrovaný podľa: Kormúth, Dezider: Slovník slovenských pseudonymov 1919-1944. Martin, Matica slovenská 1974
|
| 600 |
1 |
7 |
|a Šrůtek, Václav,
|d 1885-1948
|2 MM
|9 264503
|
| 610 |
2 |
7 |
|a Bratislavský umelecký kabinet (Bratislava, Slovensko)
|2 snkbucl
|9 101770
|
| 648 |
|
7 |
|a 1936
|2 MM
|9 309345
|
| 650 |
0 |
7 |
|a české maliarstvo
|2 MM
|9 3112
|
| 650 |
0 |
7 |
|a výstavy
|2 snkbucl
|9 2780
|
| 651 |
|
7 |
|a Bratislava (Slovensko)
|2 MM
|9 14568
|
| 773 |
0 |
|
|t Robotnícke noviny
|g Roč. 33, č. 252 (5.11.1936), s. 3
|
| 852 |
|
|
|a SNK
|b KIS3GCP
|
| 910 |
|
|
|a snkrbvumm
|
| 958 |
|
|
|a VY
|
| 999 |
|
|
|c 2551813
|d 2553743
|